Quizzes
Events
Quiz Creation
Community
Videos
Private Events
Remove Ads
Sign In
Join for FREE
Feedback
Dark Mode
Quiz Categories
Sports
Geography
Music
Movies
Television
Just For Fun
Miscellaneous
History
Literature
Language
Science
Gaming
Entertainment
Religion
Holiday
For Kids
Quiz Lab
Recent
Popular Today
Quiz Kudos Today
Editor Picks
Curator Picks
Quizzes by...
Day
Popularity
Type
Ratings
Length
Year
Community
Subscriptions
Recent Discussions
Orange Saloon
Badges
Playlists
Quests
Create
Leaderboards
Showdown
Live 5
Trivia Bingo
Activity
Puzzle Library
Sporcle Events
Private Events
Virtual Trivia
Globe League
Become a Host
Pub Owners
SporcleCon
Opinionation
Our Games
Videos
Blog
Mobile Apps
Partnerships
Remove Ads and Go Orange
Feedback
Science
Computer
Plants
Astronomy
Chemistry
Elements
Math
Animal
Physics
Anatomy
Biology
Geology
General Science
Science
Computer
Plants
Astronomy
Chemistry
Elements
Math
Animal
Physics
Anatomy
Biology
Geology
General Science
Random Quiz
Search Sporcle
×
Quiz Lab
Quiz Lab
Science
Pharmacology
Type in answers that appear in a list
Type in answers that appear in a list
Classic
Best Score? Go Orange.
Cardio drug classes Stats
Can you name the classes of these cardio drugs?
By
avl6
10m
54 Questions
165 Plays
165 Plays
165 Plays
Comments
Comments
Give Quiz Kudos
Give Quiz Kudos
-
- Ratings
hide this ad
Forced Order
Answers have to be entered in order
Answers have to be entered in order
Random Order
Randomize order of answers
Randomize order of answers
Replay
Link that replays current quiz
Next Quiz
Link to next quiz in quiz playlist
You Got
0%
They Got
Avg Score
25%
Avg Friend Score
Upgrade to see
Score Distribution
Jump to the score distribution portion of the page
Score
0/54
Timer
10:00
0
Plays Today
Example drugs
Drug class
% Correct
Propranolol
Beta-blocker (class II antiarrhythmic)
57.3%
Captopril, enalapril, fosinopril, ramipril
ACE inhibitors
52.4%
Furosemide
Loop diuretics
50%
Carvedilol
Nonselective beta-antagonist, alpha1-antagonist
45.1%
Esmolol
Beta-blocker (class II antiarrhythmic)
44.5%
Hydrochlorothiazide
Thiazide diuretics
43.9%
Losartan, valsartan, candesartan
ARBs (angiotensin II receptor blockers)
43.3%
Labetalol
Nonselective beta-antagonist, alpha1-antagonist
40.9%
Lidocaine
IB antiarrhythmic (Na channel blocker)
34.1%
Digoxin, digitalis
Cardiac glycoside
31.1%
-
statin's
HMG-CoA reductase inhibitor
31.1%
Nitroprusside
Vasodilator (use NO)
31.1%
Quinidine
IA antiarrhythmic (Na blocker, some)
30.5%
Flecainide
IC antiarrhythmic (Na channel blocker)
30.5%
Prazosin
Alpha1-antagonist
30.5%
Gemfibrozil
Fibrates
30.5%
Verapamil
IV antiarrhythmic & Anti-inotropic & arteriodilator (Ca blocker)
29.9%
Spironolactone
Aldosterone antagonist
29.3%
Hydralazine
Vasodilator (use NO)
28.7%
Procainamide
IA antiarrhythmic (Na channel blocker)
28.7%
Fenofibrate
Fibrates
28%
Metoprolol
Beta1-antagonist (also class II antiarrhythmic)
27.4%
Doxazosin
Alpha1-antagonist
26.8%
Diltiazem
IV antiarrhythmic & Anti-inotropic (Ca blocker)
26.2%
Terazosin
Alpha1-antagonist
25.6%
Aliskiren
Renin inhibitor
25%
Amiodarone
III antiarrhythmic (K blocker, some IA activity)
25%
Example drugs
Drug class
% Correct
Cholestyramine
Bile acid sequestrant
23.8%
Sotalol
III antiarrhythmic (K channel blocker)
22.6%
Tocainamide
IB antiarrhythmic (Na channel blocker)
22.6%
Propafenone
IC antiarrhythmic (Na channel blocker)
22.6%
Clonidine
Alpha2-agonist
22%
Encainide
IC antiarrhythmic (Na channel blocker)
22%
Amlodipine
IV antiarrhythmic (Ca channel blocker)
20.7%
Disopyramide
IA antiarrhythmic (Na channel blocker)
20.1%
Dobutamine
Beta1-agonist
18.9%
Ezetimibe
Antihyperlipidemic (block GI cholesterol absorption)
18.9%
Niacin
Antihyperlipidemic (decrease VLDL synthesis)
18.9%
Mexiletine
IB antiarrhythmic (Na channel blocker)
18.9%
Cholestipol
Bile acid sequestrant
18.3%
Minoxidil
Vasodilator (opens K channels)
17.7%
Dofetilide
III antiarrhythmic (K channel blocker)
17.7%
Cholesevelam
Bile acid sequestrant
17.7%
Fenoldopam
Vasodilator (D1 agonist)
16.5%
Ibutilide
III antiarrhythmic (K channel blocker)
16.5%
Hexamethonium
Ganglionic blocker (sympathoplegic)
15.2%
Metolazone
Thiazide diuretics
15.2%
Methyldopa
Alpha2-agonist
14%
Nifedipine
Venodilator (Ca channel blocker
12.8%
Dopamine
Beta1-agonist
12.2%
Diazoxide
Vasodilator (opens K channels)
11.6%
Reserpine
Postganglionic sympathetic terminal blocker
9.1%
Trimethaphan
Ganglionic blocker (sympathoplegic)
7.3%
Guanethidine
Postganglionic sympathetic terminal blocker
6.7%
Quiz Playlist
Details
Report
Send in Message
Add To Playlist
Classic:
Type in answers that appear in a list
Forced Order:
Answers have to be entered in order
Random Order:
Randomize order of answers
Last Updated: Feb 16, 2017
Quiz Scoreboard
CHALLENGE
Sign Up to Join the Scoreboard
Show All
Scores
Hide
Comments
May contain spoilers
Recently Published
9x9 Crossword: Cartoon Network
by jackfrog10
Miscellaneous
3m
College Basketball Coaching Resumes
by pancakes188
Sports
9m
Billboard Blitz: Fleetwood Mac
by CooCooCachoo
Music
15s
More to Explore
Quiz From the Vault
Featured Blog Post
Where Did the Easter Bunny Come From?
hide this ad
You Might Also Like...
Tags
Drug
Pharmacology
usmle
Today's Top Quizzes in Science
Browse Science
hide this ad
Top Contributed Quizzes in Science
1
Quick Pick: Radians
2
Quick Pick: 'CI-CJ' Animals
3
The First 100 Digits of Pi
4
Elements In Images
5
One Thing in Common: Science
6
Science Jokes
7
One Thing in Common: Science II
8
Name the Acid, Base or Salt
9
One Thing in Common: Animals
10
One Thing in Common: Science III
Explore More
Trending Topics
Kpop
Harry Potter
Anime
Marvel
Crossword
NBA
Disney
The Office
Country
Soccer
Puzzle
NFL
WWE
Song
Pokémon
hide this ad
More By:
avl6
Quiz
Plays
Rating
Category
Featured
Created
Pharmacology Drug Endings
1,218
2.50
Science
May 14, 2011
Cytochrome P450 Inducers/Inhibitors
867
Science
May 31, 2011
Metabolism steps
473
3.00
Science
Jun 2, 2011
USMLE Teratogens
446
4.00
Science
May 31, 2011
Medical Eponyms
302
Science
May 14, 2011
Go to Creator's Profile
Score Distribution
Quiz Creator Spotlight
avl6
Follow
Send a Message
Quizzes Created
-
Created Quiz Play Count
-
More By This Creator
Popular Quizzes Today
1
Find the US States - No Outlines Minefield
2
Find the Countries of Europe - No Outlines Minefield
3
The Countries of the World
4
Find the US States
5
Risky Map Clicking: Biggest States A-Z
6
US States
7
Popular People in 1961
8
Movies - When Are They Set?
More Science Quizzes
Closest Evolutionary Relatives
Editor's Pick
Trending Quizzes
Risky Map Clicking: Least Populous States A-Z
1-10 Letter G Words
1-10 Letter F Words
Risky Map Clicking: Next State Alphabetically
Adjectives in 80s TV Shows
Recently Updated
Leaping Animals
pecheneg
Reality TV Shows (A-Z)
bhenderson79
Rickey Henderson's Hall of Fame Teammates
pecheneg
Champions League XIs: Arsenal
pecheneg
Quick Pick: Celebrities in WWE's Hall of Fame
aduchscher
A-Z Keypad Blitz II
pecheneg
Multiple Oscar Actors
pecheneg
Mystery Phrase Blitz: Oscar 'Best Actors'
pecheneg
F. Scott Fitzgerald Novels
LTH
Pick 3 Villains
ddd62291
Trending Topics
Marvel
Crossword
Kpop
NBA
Anime
Harry Potter
Disney
Soccer
Puzzle
Country
WWE
Song
NFL
The Office
Pokémon
Your Account Isn't Verified!
In order to create a playlist on Sporcle, you need to verify the email address you used during registration. Go to your
Sporcle Settings
to finish the process.
Report this User
Report this user for behavior that violates our
Community Guidelines
.
Details:
Send Report
Go to the Sporcle.com Mobile Site →
Comments